000 00183nam a2200085 4500
001 1244303
005 20251020115915.0
245 _aPARAMPARÇA
_cKARIN SLAUGHTER
260 _bKIRMIZI KEDİ
999 _c1244303
_d1244303